Normal view MARC view

Entry Personal Name

Number of records used in: 1

001 - CONTROL NUMBER

  • control field: 1239508

003 - CONTROL NUMBER IDENTIFIER

  • control field: OSt

005 - DATE AND TIME OF LATEST TRANSACTION

  • control field: 20260514122536.0

008 - FIXED-LENGTH DATA ELEMENTS

  • fixed length control field: 260514|| aca||aabn | a|a d

040 ## - CATALOGING SOURCE

  • Original cataloging agency: OSt
  • Transcribing agency: OSt

100 ## - HEADING--PERSONAL NAME

  • Personal name: Dr.G.R.Sethi

670 ## - SOURCE DATA FOUND

  • Source citation: Work cat.: (OSt)1851477: Dr.Urvashi Suman 1239506, Cytokine Secretion in Suspected Cases of Mycoplasma Pneumoniae Infection with Wheeze in Children Less Than 5 Years of Age.
Copyright @ Delhi University Library System